000 00339nam a2200133Ia 4500
005 20251222153523.0
008 251222s9999||||xx |||||||||||||| ||spa||
082 _a615.1/A47A
100 _aAlvarado Alva, Juan C.
245 0 _aAntibióticos y quimioterápicos
250 _a2a.ed.
264 _bColegio Médico del Perú,
942 _cLIB
999 _c29816
_d29816